Meilleurs intercepteurs NBA en carrière - Statistiques

Statistiques générales
  • Ce quiz a été pris 115 fois
    4 depuis la dernière actualisation
  • Le résultat moyen est 16 sur 50
Statistiques - réponses
Hint Réponse % Correct
2684* Jason Kidd
100%
3265* John Stockton
100%
2375^ Lebron James
100%
2514* Michael Jordan
100%
1983* Allen Iverson
75%
2728^ Chris Paul
75%
1620 Dwyane Wade
75%
1861* Isiah Thomas
75%
1772* James Harden
75%
1944* Kobe Bryant
75%
2022^ Russell Westbrook
75%
2307* Scottie Pippen
75%
1648* Charles Barkley
50%
2207* Clyde Drexler
50%
2445* Gay Payton
50%
1859* Kevin Garnett
50%
1556* Larry Bird
50%
1724* Magic Johnson
50%
1595 Stephen Curry
50%
1765^ Andre Iguodala
25%
1957 Derek Harper
25%
2162* Hakeem Olajuwon
25%
1720 Metta World Peace
25%
1626 Mike Conley
25%
1577^ Paul George
25%
1752 Paul Pierce
25%
1716 Ron Harper
25%
1758 Shawn Marion
25%
1612 Thaddeus Young
25%
1530* Vince Carter
25%
2112 Alvin Robertson
0%
1546 Andre Miller
0%
1530 Baron Davis
0%
1531* Chris Mullin
0%
1563 Doc Rivers
0%
1555 Doug Christie
0%
1620 Eddie Jones
0%
1666 Fat Lever
0%
1638 Gus Williams
0%
1622 Hersey Hawkins
0%
1603 Jason Terry
0%
1536 Jeff Hornacek
0%
2085* Karl Malone
0%
1608 Mark Jackson
0%
2310* Maurice Cheeks
0%
2075 Mookie Blaylock
0%
1544 Nate McMillan
0%
1616 Rod Strickland
0%
1583 Terry Porter
0%
1628^ Trevor Ariza
0%
Aucun quiz correspondant
Distribution des résultats
% des personnes avec chaque résultat
Percentile par nombre de réponses
Votre historique - résultats
Vous n’avez pas pris ce quiz depuis la dernière actualisation